00860nam a2200229 i 4500001000700000003000900007005001700016007000300033008004100036100004100077245008300118250001500201260003400216300003500250490003600285600005600321700004600377830004400423852002200467999001900489952012200508117105ES-MaACL20250712031722.0t|070228s1963 sp r ||||1| spa d1 aPasternak, Boris Leonidovich.98946410aVida y poesía / cBoris L. Pasternak ; traducción de Fernando Gutiérrez. a[1ª ed.]. aBarcelona : bNoguer, c1963. a287 p. láms. 1-54 ; c20 cm.1 aColección galería literaria04aPasternak, Boris Leonidovich-xBiografías.9894651 aGutiérrez, Fernando,d1911-198491562600 aColección galería literaria9233339 aES-MaACLjC-26045 c117105d117105 00104070aATENEOMbATENEOMcDEPO2d2008-01-17eSCl0oC-26045p1122096r2023-02-23 00:00:00w2023-02-23yMONOGRAFIA